| 000 | 00537nam a2200181Ia 4500 | ||
|---|---|---|---|
| 008 | 090124s9999 xx 000 0 und d | ||
| 082 | _b20880 | ||
| 100 | _aआचार्य नयना | ||
| 245 | _a पामचे रोपटे | ||
| 250 | _a1 | ||
| 260 |
_bमीनल प्रकाशन _c1979 |
||
| 300 | _a140 | ||
| 600 | _aआचार्य नयना | ||
| 630 | _a पामचे रोपटे | ||
| 700 | _aआचार्य नयना | ||
| 730 | _a पामचे रोपटे | ||
| 942 | _cBOOK | ||
| 999 |
_c91015 _d91015 |
||